La experiencia de la concertación en Chile /

Сохранить в:
Библиографические подробности
Главный автор: Larraín F., Hernán
Формат: Текст
Метки: Добавить метку
Нет меток, Требуется 1-ая метка записи!

MARC

LEADER 00000 a a2200000 04500
001 13230
003
040
100 |a Larraín F., Hernán  
245 |a La experiencia de la concertación en Chile /  |c Hernán Larraín F. 
773 |g número 20 Primavera; páginas 61-69  
999 |c 21900  |d 21900